000 00845naa a2200241 i 4500
001 26939
003 ES-MaBCM
005 20241016094740.0
008 931124s1993 esp 000 0 spa d
021 _axx
035 _a(OCoLC)1365256925
040 _cES-MaBCM
041 0 _aspa
043 _aesp
110 1 _aEspaña
_b.Tribunal Constitucional
_951667
245 1 3 _aLa garantía de la ejecución del derecho comunitario y las Comunidades Autonomas
_b: Pleno : Sentencia del Tribunal Constitucional de 8 de marzo de 1993
_cTribunal Constitucional
650 2 7 _aCompetencia autonómica
_958001
651 2 4 _aEspaña
_9115342
655 4 _aJurisprudencia comentada
_959143
650 2 7 _aDerecho de la UE
_958300
773 0 _aEn:
_tNoticias CEE
_dValencia : 1993
_w104474
_gaño IX, n. 106, nov., p. 103-116. - Loc. S.135
942 _cAREV
999 _c26939
_d26939